UEFA 2024 Belgium full squad - Statistics

General Stats
  • This quiz has been taken 21 times
    20 since last reset
  • The average score is 16 of 26
Answer Stats
# Position player % Correct
10 FWD Romelu Lukaku
100%
7 MID Kevin De Bruyne
93%
22 FWD Jeremy Doku
87%
1 GK Koen Casteels
87%
13 GK Matz Sels
80%
24 MID Amadou Onana
73%
6 MID Axel Witsel
73%
/ coach Domenico Tedesco
73%
9 MID Leandro Trossard
73%
8 MID Youri Tielemans
73%
3 DEF Arthur Theate
67%
5 DEF Jan Vertonghen
67%
20 FWD Lois Openda
60%
15 DEF Thomas Meunier
60%
4 DEF Wout Faes
60%
11 FWD Yannick Carrasco
60%
2 DEF Zeno Debast
60%
17 FWD Charles De Ketelaere
53%
14 FWD Dodi Lukebakio
53%
21 DEF Timothy Castagne
53%
25 MID Maxim De Cuyper
47%
18 MID Orel Mangala
47%
12 GK Thomas Kaminski
40%
23 MID Arthur Vermeeren
20%
16 MID Aster Vranckx
7%
19 FWD Johan Balayoko
0%
No matching quizzes found
Score Distribution
Percent of People with Each Score
Percentile by Number Answered
Your Score History
You have not taken this quiz since the last reset